| 000 | 00662nam a2200145Ia 4500 | ||
|---|---|---|---|
| 008 | 171212s9999 xx 000 0 und d | ||
| 020 | _a9781925022223 | ||
| 100 | _aWeiner, James F.;Niles, Don | ||
| 245 |
_cWeiner, James F.;Niles, Don _aSongs of the Empty Place _bThe Memorial Poetry of the Foi of the Southern Highlands Province of Papua New Guinea |
||
| 260 |
_bANU E Press _c2015 |
||
| 440 | _aMonographs in Anthropology | ||
| 650 | _aAnthropology | ||
| 650 | _aFoi (Papua New Guinean people) -- Music; Ethnomusicology -- Papua New Guinea; Folk music -- Papua New Guinea; Papua New Guinea -- Songs and music | ||
| 856 | _uhttp://jstor.org/stable/j.ctt16wd0gx | ||
| 999 |
_c351317 _d351317 |
||